000 00502nam a22001577a 4500
003 NUST
038 _anust
082 _a200 THE
100 _aMaryam Khalid
_95942
245 _aTH-SOF-1840-Statistical Analysis Of Case Studies To Determine The Effects Of Vibrational Therapy On Cerebral Palsy Children
260 _aISLAMABAD
_bNUST COLLEGE OF EME
_c2020
563 _ahb
650 _aMS-COMPUTER ENGINEERING-2018
_973285
700 _aSupervisor Dr. Muhammad Usman Akram
_969721
942 _cCF
_2ddc
999 _c579081
_d579081